| 000 | 00419cam a2200169ua 4500 | ||
|---|---|---|---|
| 003 | OSt | ||
| 008 | 250108b |||||||| |||| 00| 0 eng d | ||
| 041 | _aeng | ||
| 082 |
_a621.382 _bEVE/CO |
||
| 100 |
_aEveritt, W.L. _96842 |
||
| 245 | _aCommunications engineering / | ||
| 250 | _a3 / | ||
| 260 |
_aNew York : _bMc Graw Hill Book Company , _c1956. |
||
| 300 | _a644 ; . | ||
| 700 | 1 |
_aAnner, G.E. _96843 |
|
| 942 | _cBK | ||
| 999 |
_c1398 _d1398 |
||